000 00928nam a2200265Ia 4500
003 OSt
005 20221007123804.0
006 a|||||r|||| 00| 0
007 ta
008 221006b |||||||| |||| 00| 0 eng d
020 _a0471987913 (pbk)
024 _a76390
037 _b211/2006-07, 11/01/2007, Educational Book Agency (India)
_cTextbook
040 _aCDL
_cCDL
_beng
041 _2eng
_aeng
082 _aE5:218, P0;7 Carc
100 _aSteed Jonathan W
_9717846
245 0 _aSupramolecular chemistry
_b Atwood Jerry L
260 _aChichester
_bJohn Wiley & Sons Ltd
_c2000
300 _axxii, 745p.
_ccm.
500 _aIncludes bibliographical references.; Index 715-745p.
700 _a Atwood Jerry L
_9717847
942 _hE5:218, P0;7 Carc
_cTB
_2CC
999 _c1212488
_d1212488